| 000 | 00937nam a22002175i 4500 | ||
|---|---|---|---|
| 001 | 180966 | ||
| 003 | ES-MaACL | ||
| 005 | 20250829061649.0 | ||
| 008 | 120913s1991 sp | |||| ||spa d | ||
| 080 | _a910.4(=1.4)"14/16" | ||
| 100 | 0 |
_aGómez-Tabanera, José Manuel, _d1926-2011 _958165 |
|
| 245 | 1 | 0 |
_aReencuentro desde la otra orilla _b: utopía europea, utopía indiana, y utopía del Pacífico / _cdel doctor José M. Gómez-Tabanera. |
| 260 |
_a[Oviedo : _bJ.M. Gómez-Tabanera], _cD.L. 1991 ( _eOviedo : _fGofer) |
||
| 300 |
_a23 p. ; _c21 cm. |
||
| 500 | _a"Acto celebrado el 31 de octubre de 1991 en el paraninfo del Palacio de las Academias Nacionales, Caracas, Venezuela" | ||
| 504 | _aBibliografía: p. 21-23. | ||
| 594 | _aPrecede al tít.: Academia Nacional de la Historia. | ||
| 650 | 7 |
_aDescubrimientos geográficos europeos _2embne _9151417 |
|
| 852 |
_aES-MaACL _j2316-F-10 |
||
| 999 |
_c180966 _d180966 |
||